000
00193nam a2200085Ia 4500
008
120527s9999 xx 000 0 und d
100
_a
Slack & Lewis
245
_a
Operations strategy
942
_c
BK
999
_c
27253
_d
27253